Mein Name Sei Gantenbein : (Record no. 186967)
[ view plain ]
| 000 -LEADER | |
|---|---|
| fixed length control field | 00511cam1a220018100 4500 |
| 001 - CONTROL NUMBER | |
| control field | tmp16002195 |
| 003 - CONTROL NUMBER IDENTIFIER | |
| control field | UPRA |
| 005 - DATE AND TIME OF LATEST TRANSACTION | |
| control field | 20190830105540.0 |
| 008 - FIXED-LENGTH DATA ELEMENTS--GENERAL INFORMATION | |
| fixed length control field | 951120s1974 gw ger u |
| 035 ## - SYSTEM CONTROL NUMBER | |
| System control number | (Sirsi) r26409 |
| 035 ## - SYSTEM CONTROL NUMBER | |
| System control number | (UPRA)tmp16002195 |
| 040 ## - CATALOGING SOURCE | |
| Transcribing agency | UPRA |
| 100 1# - MAIN ENTRY--PERSONAL NAME | |
| Personal name | Frisch, Max, 1911- |
| Dates associated with a name | Frisch, Max, 1911- |
| Linkage | A64784.1 |
| 245 10 - TITLE STATEMENT | |
| Title | Mein Name Sei Gantenbein : |
| Remainder of title | Roman. |
| 260 ## - PUBLICATION, DISTRIBUTION, ETC. | |
| Place of publication, distribution, etc. | [Frankfurt] : |
| Name of publisher, distributor, etc. | Fischer, |
| Date of publication, distribution, etc. | [1974] |
| 949 ## - LOCAL PROCESSING INFORMATION (OCLC) | |
| a | PT2611.R814 |
| w | lcc |
| i | -27151 |
| m | MAIN |
| t | BOOK |
| l | ON-SHELF |
No items available.